000 00642nam a2200241 i 4500
001 C2-0292767
003 PPAK
005 20180728024743.0
008 090108s2006 ncu |||| ||||| | eng d
020 _a9781565124998
040 _aPPAK
_beng
_cPPAK
_erda
082 0 4 _a823
_223
090 0 0 _a823
_bGRU
_dLCK
100 1 _aGruen, Sara,
_eauthor
245 1 0 _aWater for elephants
264 1 _aNorth Carolina :
_bAlgonquin Books of Chapel Hill ,
_c2006
300 _a350 pages ;
_c22 cm
336 _2rdacontent
_atext
337 _2rdamedia
_aunmediated
338 _2rdacarrier
_avolume
650 1 0 _aEnglish fiction
942 _ddc
_cB
999 _c97606
_d97606